[Event "SWE-chT2 1011"]
[Site "Sweden"]
[Date "2010.12.04"]
[Round "3"]
[White "Alm, Hakan"]
[Black "Malmqvist, Glenn"]
[Result "1-0"]
[WhiteElo "2268"]
[BlackElo "2092"]
[PlyCount "57"]
[EventDate "2010.10.23"]
[EventType "team-tourn"]
[EventRounds "9"]
[EventCountry "SWE"]
[SourceTitle "EXT 2012"]
[Source "ChessBase"]
[SourceDate "2011.11.24"]
[SourceVersion "1"]
[SourceVersionDate "2011.11.24"]
[SourceQuality "1"]
[WhiteTeam "Orebro"]
[BlackTeam "Malmo"]
[WhiteTeamCountry "SWE"]
[BlackTeamCountry "SWE"]

1. c4 Nf6 2. Nc3 d5 3. d4 e6 4. Nf3 c5 5. cxd5 exd5 6. g3 Be7 7. Bg2 Nc6 8. 0-0 0-0 9. Bg5 Be6 10. Rc1 a6 11. e3 c4 12. Ne5 h6 13. Bxf6 Bxf6 14. f4 g6 15. Qf3 Ne7 16. g4 Bg7 17. Qg3 f6 18. Nxg6 Nxg6 19. f5 Ne7 20. fxe6 Qa5 21. Qd6 Rfe8 22. Nxd5 Nxd5 23. Bxd5 Qd2 24. Qa3 Qe2 25. Rf2 Qxg4+ 26. Rg2 Qf5 27. e4 Qf4 28. Rf1 Qd6 29. Qxd6 1-0

[Event "SWE-chT2 0809"]
[Site "Sweden"]
[Date "2009.02.07"]
[Round "5"]
[White "Alm, Hakan"]
[Black "Lind, Jan Olov"]
[Result "1/2-1/2"]
[WhiteElo "2301"]
[BlackElo "2288"]
[PlyCount "71"]
[EventDate "2008.10.25"]
[EventType "team-tourn"]
[EventRounds "9"]
[EventCountry "SWE"]
[SourceTitle "EXT 2011"]
[Source "ChessBase"]
[SourceDate "2010.11.26"]
[SourceVersion "1"]
[SourceVersionDate "2010.11.26"]
[SourceQuality "1"]

1. c4 Nf6 2. Nc3 g6 3. d4 Bg7 4. e4 d6 5. Nge2 0-0 6. Ng3 Nc6 7. d5 Ne5 8. Be2 e6 9. h4 exd5 10. cxd5 h5 11. Bg5 c6 12. Qd2 Qb6 13. Rb1 cxd5 14. Bxf6 Bxf6 15. Nxd5 Qd8 16. Nxf6+ Qxf6 17. Qh6 Ng4 18. Bxg4 Bxg4 19. f3 Qe5 20. Ne2 Be6 21. Nc3 Qg3+ 22. Kf1 b5 23. b3 Qe5 24. Qd2 b4 25. Ne2 a5 26. Kf2 Rfc8 27. Rhc1 Rc5 28. Qd4 Rxc1 29. Rxc1 Qh2 30. Qf6 Qe5 31. Qxe5 dxe5 32. Rc5 a4 33. Rb5 axb3 34. axb3 Bxb3 35. Rxb4 Be6 36. Rb2 1/2-1/2

[Event "SWE-chT 0405"]
[Site "Sweden"]
[Date "2005.??.??"]
[Round "10"]
[White "Alm, Hakan"]
[Black "Haggstrom, Olle"]
[Result "1-0"]
[WhiteElo "2328"]
[BlackElo "2230"]
[PlyCount "77"]
[EventDate "2004.11.05"]
[EventType "team"]
[EventRounds "11"]
[EventCountry "SWE"]
[SourceTitle "EXT 2006"]
[Source "ChessBase"]
[SourceDate "2005.11.24"]
[SourceVersion "1"]
[SourceVersionDate "2005.11.24"]
[SourceQuality "1"]
[WhiteTeam "Sodra"]
[BlackTeam "Kamraterna"]
[WhiteTeamCountry "SWE"]
[BlackTeamCountry "SWE"]

1. d4 d5 2. c4 e6 3. Nc3 c6 4. Nf3 Nf6 5. e3 Nbd7 6. Bd3 dxc4 7. Bxc4 b5 8. Bd3 a6 9. 0-0 c5 10. Qe2 Bb7 11. Rd1 b4 12. Na4 cxd4 13. exd4 Qa5 14. b3 Bd6 15. Nb2 Qh5 16. Nc4 Bc7 17. Nfe5 Qxe2 18. Bxe2 Nd5 19. Bf3 Rb8 20. Bd2 f6 21. Nd3 a5 22. a3 Nc3 23. Bxb7 Nxd1 24. Bc6 Nc3 25. Bxc3 bxc3 26. Nc5 Ke7 27. Bxd7 Bb6 28. Nxb6 Rxb6 29. Re1 Rd8 30. Bxe6 Rxd4 31. Bc4+ Kd6 32. Ne4+ Kd7 33. Nxc3 Rb8 34. g3 Rd2 35. a4 Rd6 36. Bb5+ Kd8 37. Ne4 Re6 38. Rd1+ Kc7 39. Nc5 1-0

[Event "SWE-chT 0405"]
[Site "Sweden"]
[Date "2004.??.??"]
[Round "3"]
[White "Krantz, Christopher"]
[Black "Alm, Hakan"]
[Result "1-0"]
[WhiteElo "2177"]
[BlackElo "2335"]
[PlyCount "99"]
[EventDate "2004.11.05"]
[EventType "team"]
[EventRounds "11"]
[EventCountry "SWE"]
[SourceTitle "EXT 2006"]
[Source "ChessBase"]
[SourceDate "2005.11.24"]
[SourceVersion "1"]
[SourceVersionDate "2005.11.24"]
[SourceQuality "1"]
[WhiteTeam "Eksjo"]
[BlackTeam "Sodra"]
[WhiteTeamCountry "SWE"]
[BlackTeamCountry "SWE"]

1. c4 e6 2. g3 d5 3. Bg2 Nf6 4. Nf3 Be7 5. 0-0 0-0 6. d4 dxc4 7. Nc3 c5 8. dxc5 Qa5 9. Qd4 Qxc5 10. Qxc5 Bxc5 11. Ne5 Nc6 12. Nxc4 Bd7 13. Bf4 Rfd8 14. Rfd1 Be8 15. Bd6 Bxd6 16. Nxd6 Rd7 17. Nxe8 Rxe8 18. Rxd7 Nxd7 19. Rc1 Kf8 20. Nb5 Ndb8 21. Bxc6 Nxc6 22. Nd6 Rb8 23. e3 Ke7 24. Nxb7 Rxb7 25. Rxc6 Rxb2 26. Rc7+ Kf6 27. Rxa7 g5 28. g4 Kg6 29. Kg2 Rc2 30. Kf3 Rb2 31. Ra8 Kg7 32. a4 Ra2 33. h3 h6 34. a5 Ra4 35. a6 Ra2 36. a7 Kf6 37. Ke4 Ra4+ 38. Kd3 Kg7 39. f4 Kh7 40. Kc3 Kg7 41. Kd3 Kh7 42. f5 Kg7 43. fxe6 fxe6 44. Kc3 e5 45. Kb3 Ra1 46. e4 Kh7 47. Kb4 Ra2 48. Kc5 Ra1 49. Kd5 Ra5+ 50. Kd6 1-0

[Event "SWE-chT 0405"]
[Site "Sweden"]
[Date "2004.??.??"]
[Round "1"]
[White "Tadjerbashi, Amir"]
[Black "Alm, Hakan"]
[Result "1/2-1/2"]
[WhiteElo "2258"]
[BlackElo "2335"]
[PlyCount "138"]
[EventDate "2004.11.05"]
[EventType "team"]
[EventRounds "11"]
[EventCountry "SWE"]
[SourceTitle "EXT 2006"]
[Source "ChessBase"]
[SourceDate "2005.11.24"]
[SourceVersion "1"]
[SourceVersionDate "2005.11.24"]
[SourceQuality "1"]
[WhiteTeam "Limhamn"]
[BlackTeam "Sodra"]
[WhiteTeamCountry "SWE"]
[BlackTeamCountry "SWE"]

1. e4 Nf6 2. e5 Nd5 3. d4 d6 4. c4 Nb6 5. exd6 cxd6 6. Nc3 Bf5 7. Be3 e6 8. h3 Be7 9. Nf3 0-0 10. Be2 d5 11. c5 Nc4 12. Bxc4 dxc4 13. Qa4 Bd3 14. Ne5 Nc6 15. Nxd3 cxd3 16. 0-0-0 Qd7 17. b4 Rfd8 18. Rxd3 Bf6 19. Rhd1 a5 20. b5 Nb4 21. R3d2 Nd5 22. Nxd5 Qxd5 23. Qb3 Qxg2 24. d5 a4 25. Qc4 exd5 26. Rxd5 Re8 27. Qg4 Qe4 28. Qxe4 Rxe4 29. Bd4 Be7 30. Rd7 Rc8 31. b6 Bxc5 32. Rc7 Ba3+ 33. Bb2 Rc4+ 34. Rxc4 Rxc4+ 35. Kb1 Bf8 36. Rd8 Rb4 37. Kc2 Rxb6 38. Ba3 g6 39. Bxf8 Rc6+ 40. Kd3 h5 41. Bb4+ Kg7 42. Bc3+ f6 43. Rd7+ Kh6 44. Rxb7 Rd6+ 45. Ke3 Rc6 46. Bd2 g5 47. Rb4 Ra6 48. Kf3 Kg6 49. Be3 Ra5 50. Bb6 Ra8 51. Bd4 Ra5 52. Kg3 h4+ 53. Kg2 f5 54. Rb6+ Kh5 55. Bc3 Rc5 56. Bb4 Rc2 57. a3 g4 58. hxg4+ fxg4 59. Be7 h3+ 60. Kg3 Rc3+ 61. Kh2 Rc7 62. Rb5+ Kg6 63. Bc5 Kf6 64. Ra5 Ke6 65. Bb4 Rc2 66. Kg3 Rc1 67. Kh2 Rc2 68. Kg3 Rc1 69. Kh2 Rc2 1/2-1/2

[Event "SWE-chT 0304"]
[Site "Sweden"]
[Date "2003.??.??"]
[Round "1"]
[White "Alm, Hakan"]
[Black "Andersson, Goran"]
[Result "1/2-1/2"]
[WhiteElo "2333"]
[BlackElo "2292"]
[PlyCount "108"]
[EventDate "2003.10.??"]
[EventType "team"]
[EventRounds "11"]
[EventCountry "SWE"]
[SourceTitle "EXT 2005"]
[Source "ChessBase"]
[SourceDate "2004.11.15"]
[SourceVersion "1"]
[SourceVersionDate "2004.11.15"]
[SourceQuality "1"]
[WhiteTeam "Sodra"]
[BlackTeam "Skara"]
[WhiteTeamCountry "SWE"]
[BlackTeamCountry "SWE"]

1. d4 Nf6 2. c4 e6 3. Nc3 d5 4. Bg5 Be7 5. Nf3 h6 6. Bh4 0-0 7. e3 b6 8. Be2 Bb7 9. 0-0 Nbd7 10. Qa4 c5 11. Rfd1 Ne4 12. Nxe4 dxe4 13. dxc5 Nxc5 14. Qc2 Qe8 15. Bxe7 exf3 16. Bxf8 fxe2 17. Qxe2 Kxf8 18. f3 Qc6 19. Qd2 Ke7 20. Qd4 Rg8 21. Rd2 f6 22. Rad1 e5 23. Qc3 g5 24. b4 Ne6 25. Qd3 Rg7 26. b5 Qc7 27. Qa3+ Nc5 28. Rd7+ Qxd7 29. Rxd7+ Kxd7 30. Qxa7 Kc7 31. a4 Nb3 32. c5 bxc5 33. a5 c4 34. a6 Kc8 35. b6 Nc5 36. axb7+ Rxb7 37. Qa8+ Kd7 38. Qf8 Kc6 39. Qxf6+ Kb5 40. Qxe5 Rxb6 41. f4 gxf4 42. exf4 Re6 43. Qb2+ Kc6 44. g4 Re1+ 45. Kg2 Ne4 46. h4 c3 47. Qc2 Kc5 48. g5 hxg5 49. fxg5 Kd4 50. g6 Re3 51. h5 Rg3+ 52. Kh2 Rg5 53. Qe2 Ke5 54. Kh3 c2 1/2-1/2